| 000 | 00384nam a2200157Ia 4500 | ||
|---|---|---|---|
| 008 | 230312s9999||||xx |||||||||||||| ||und|| | ||
| 020 | _a81-317-8587-4 | ||
| 082 |
_a658.4092 _bGOE-E |
||
| 100 | _aGoetsch:David .L | ||
| 245 | 0 | _aEffective Leadership | |
| 260 |
_bPearson _aIndia _c2012 |
||
| 300 | _a302 | ||
| 546 | _aEng. | ||
| 650 |
_aManagement _vEffective Leadership |
||
| 942 | _cBK | ||
| 999 |
_c9237 _d9237 |
||